| 000 | 00607nam a2200181Ia 4500 | ||
|---|---|---|---|
| 005 | 20260429112242.0 | ||
| 008 | 260429s9999||||xx |||||||||||||| ||und|| | ||
| 020 | _a8177143301 | ||
| 041 | _aHindi | ||
| 082 |
_a891.21 _bHAR |
||
| 100 | _aहरिओध, पंडित अहोध्या सिंह | ||
| 245 | 0 |
_aप्रियप्रवास / _cपंडित अहोध्या सिंह हरिओध |
|
| 250 | _a0 | ||
| 260 |
_aदिल्ली : _bप्रकाशन संस्थान, _c2012. |
||
| 300 | _a288 p.; Hb | ||
| 650 | _aSanskrit poetry | ||
| 942 | _cTB | ||
| 999 |
_c53137 _d53137 |
||